Update (Record no. 78603)
[ view plain ]
| 000 -LEADER | |
|---|---|
| fixed length control field | 01092cab a22002175a 4500 |
| 001 - CONTROL NUMBER | |
| control field | L137444 |
| 008 - FIXED-LENGTH DATA ELEMENTS--GENERAL INFORMATION | |
| fixed length control field | 070405e20070309xxk f 000 0 eng d |
| 035 ## - SYSTEM CONTROL NUMBER | |
| System control number | (Sirsi) u137444 |
| 041 0# - LANGUAGE CODE | |
| Language code of text/sound track or separate title | eng |
| 100 1# - MAIN ENTRY--PERSONAL NAME | |
| Personal name | Jones, Gregory |
| 245 00 - TITLE STATEMENT | |
| Title | Update |
| Remainder of title | planning and environment |
| 260 ## - PUBLICATION, DISTRIBUTION, ETC. | |
| Date of publication, distribution, etc. | 2007 |
| 490 ## - SERIES STATEMENT | |
| Series statement | SJ |
| Volume/sequential designation | 151(10) 9 March 2007, 328-330(2) |
| 520 ## - SUMMARY, ETC. | |
| Summary, etc. | Comments on judgments in a number of recent cases. The cases involved covered rulings on: the Environmental Impact Assessment (EIA) Directive (Directive 85/337/EEC); bias and predetermination; completion notices; injunctions under the Town and Country Planning Act 1990 s187A; enforcement time limits for single dwelling houses; the continuing use of land for recreational motorcycling activities; CLEUDS and abandonment of use; and the stationing of caravans and the erection of polytunnels. |
| 590 ## - LOCAL NOTE (RLIN) | |
| Local note | KA |
| 650 24 - SUBJECT ADDED ENTRY--TOPICAL TERM | |
| Topical term or geographic name entry element | TOWN AND COUNTRY PLANNING ACT 1990 |
| 650 24 - SUBJECT ADDED ENTRY--TOPICAL TERM | |
| Topical term or geographic name entry element | CERTIFICATE OF LAWFULNESS OF EXISTING USE OR DEVELOPMENT |
| 651 #4 - SUBJECT ADDED ENTRY--GEOGRAPHIC NAME | |
| Geographic name | England and Wales |
| Chronological subdivision | 1543- |
| 690 ## - LOCAL SUBJECT ADDED ENTRY--TOPICAL TERM (OCLC, RLIN) | |
| Topical term or geographic name as entry element | Planning and development |
| 9 (RLIN) | 6259 |
| 942 ## - ADDED ENTRY ELEMENTS (KOHA) | |
| Suppress in OPAC | 0 |
| Withdrawn status | Lost status | Source of classification or shelving scheme | Damaged status | Not for loan | Home library | Current library | Shelving location | Date acquired | Total Checkouts | Full call number | Barcode | Date last seen | Copy number | Price effective from | Koha item type |
|---|---|---|---|---|---|---|---|---|---|---|---|---|---|---|---|
| Dewey Decimal Classification | London | London | Journal article | 05/04/2007 | L137444 | 137444-1001 | 06/08/2019 | 1 | 06/08/2019 | Journal article |